000
00220nam a22000857a 4500
008
170612b xxu||||| |||| 00| 0 eng d
100
_9
3351
_a
Tripathi. S. B
245
_a
Lab Mathematics- IX
260
_a
New Delhi
_b
A. B. D
_c
2009
999
_c
6688
_d
6688